Violencia contra la mujer y maltrato familiar

Detalles Bibliográficos
Autor principal: Ld̕ice, Roberta
Formato: eBook
Lenguaje:español
Publicado: Barcelona: J.M. Bosch Editor, 2019
Materias:
Acceso en línea:Acceso restringido

MARC

LEADER 00000nam a22000007a 4500
005 20200303211338.0
007 cr|||| ||||
008 200303s2019 es |||||s|||| 00||0 spa d
020 |a 978-84-120770-1-8 
035 |a 31101 
040 |a vLex 
090 |c 10157  |d 10157 
100 1 |a Ld̕ice, Roberta 
245 1 0 |a Violencia contra la mujer y maltrato familiar  |h [Recurso electrn̤ico] /  |c Roberta Ld̕ice 
256 |a Servicio en ln̕ea 
260 |a Barcelona:  |b J.M. Bosch Editor,  |c 2019 
300 |a 1 recurso electrn̤ico 
500 |a Este libro aproxima al lector a un estudio del grave problema social de la violencia contra la mujer y el maltrato familiar, as ̕como seąla la necesidad de romper el silencio de la sociedad ante una situacin̤ de violencia contra la mujeres y los miembros del grupo familiar, bajo una p̤tica global. La violencia intrafamiliar es considerada una violencia de gňero, una vez que est ̀basada en las desigualdades de poder que existen entre hombres y mujeres, contribuyendo a perpetuar la discriminacin̤, opresin̤ y los maltratros cometidos en el hogar. Es urgente una sancin̤ efectiva de los Estados, a fin de que por medio de instrumentos nacionales e internacionales sea posible prevenir y erradicar este tipo de violencia, siendo evidente que esta causa no es contra el hombre, sino contra los agresores. As ̕pues, es imprescindible una toma de conciencia social de la gravedad de este flagelo social para que se pueda combatir. 
506 1 |a Disponible solo en los productos indicados  |d vLex Global  |d vLex Global (Academic Edition, excluding Law Schools)  |d vLex Global (U.S. Academic Edition, Law Schools)  |d vLex Global (U.S. Academic Edition, excluding Law Schools)  |d vLex Global (Academic Edition, Law Schools) 
650 0 4 |a Delitos contra las personas  |z Espaą 
740 0 |a vLex Libros (Servicio en ln̕ea) 
856 4 0 |u http://vlex.com/source/violencia-contra-la-mujer-y-maltrato-familiar-31101  |z Acceso restringido 
942 |c BOOK 
999 0 |a Crimes against people